| 000 | 00942nam a2200265 i 4500 | ||
|---|---|---|---|
| 001 | 10427 | ||
| 003 | ES-MaACL | ||
| 005 | 20251015145628.0 | ||
| 007 | t| | ||
| 008 | 950613s1992 sp ||||1| spa d | ||
| 020 | _a84-7914-066-6 | ||
| 080 | _a92 Jiménez Cisneros, Francisco, Cardenal | ||
| 080 | _a9(46)"1474/1517" | ||
| 100 | 1 |
_aGarcía Oro, José. _955059 |
|
| 245 | 1 | 3 |
_aEl Cardenal Cisneros _b: vida y empresas. _nI / _cpor José García Oro. |
| 260 |
_aMadrid : _bBiblioteca de Autores Cristianos, _c1992. |
||
| 300 |
_aXXXVIII, 498 p., 1 h. ; _c20 cm. |
||
| 490 | 1 |
_aBiblioteca de autores cristianos ; _v520 |
|
| 504 | _aBibliografía : p. [XXIX]-XXXVIII. | ||
| 600 | 1 | 4 |
_aJiménez de Cisneros, Francisco, _d1436-1517 _966495 |
| 651 |
_aEspaña- _xHistoria- _y1474-1516, Reyes Católicos. _98222 |
||
| 830 | 0 | 0 |
_aBiblioteca de autores cristianos _v520 _9178679 |
| 852 |
_aES-MaACL _jJ-507 _9R.46092 |
||
| 999 |
_c10427 _d10427 |
||